000
00457nam a2200157Ia 4500
008
100122s9999 xx 000 0 und d
082
_b
62234
_a
823.08
100
_a
बनहट्टी राजेंद्र
245
_a
गंगार्पण
250
_a
2
260
_b
मॅजेस्टिक प्रकाशन
_c
2002
300
_a
204
630
_a
गंगार्पण
730
_a
गंगार्पण
942
_c
BOOK
999
_c
436623
_d
436620